[Event "POL-chT 2nd League"]
[Site "Jastrzebia Gora"]
[Date "2019.09.08"]
[Round "2.9"]
[White "Rawski, Slawomir"]
[Black "Grochowski, Kosma"]
[Result "0-1"]
[WhiteElo "2056"]
[BlackElo "1903"]
[PlyCount "99"]
[EventDate "2019.09.07"]
[EventType "team-swiss"]
[EventRounds "9"]
[EventCountry "POL"]
[SourceTitle "EXT 2020"]
[Source "ChessBase"]
[SourceDate "2019.10.17"]
[SourceVersion "1"]
[SourceVersionDate "2019.10.17"]
[SourceQuality "1"]
[WhiteTeam "Czerwionka Leszczyny Skoczek"]
[BlackTeam "Lublin LKSz"]
[WhiteTeamCountry "POL"]
[BlackTeamCountry "POL"]

1. Nf3 d5 2. c4 d4 3. e3 c5 4. b4 dxe3 5. fxe3 cxb4 6. Be2 e6 7. 0-0 Nf6 8. Bb2 Be7 9. Qc2 Nbd7 10. Ng5 Qa5 11. h4 h6 12. Nxe6 fxe6 13. Qg6+ Kd8 14. Qxg7 Rf8 15. Qxh6 Qc7 16. a3 Qg3 17. Qf4 Nh5 18. Qxg3 Rxf1+ 19. Bxf1 Nxg3 20. axb4 Bxb4 21. Kf2 Nxf1 22. Kxf1 Be7 23. g3 Nf6 24. d3 Bd7 25. Nd2 Bc6 26. e4 Kd7 27. Nf3 Ng4 28. Ke2 a5 29. Nd4 Rf8 30. Nxc6 Rf2+ 31. Ke1 Kxc6 32. Bc3 b6 33. d4 Rf3 34. d5+ exd5 35. cxd5+ Kd7 36. Rc1 Rxg3 37. Bd4 Bb4+ 38. Ke2 Bc5 39. Bxc5 bxc5 40. Rxc5 Re3+ 41. Kd2 a4 42. Rc4 a3 43. Ra4 Rh3 44. Kc2 Ne3+ 45. Kb1 Nd1 46. Kc2 Ne3+ 47. Kb1 Nd1 48. Kc2 Nb2 49. Ra6 Nc4 50. Ra4 0-1

[Event "POL-chT 2nd League"]
[Site "Jastrzebia Gora"]
[Date "2018.09.03"]
[Round "4.6"]
[White "Zaleski, Lukasz"]
[Black "Rawski, Slawomir"]
[Result "1-0"]
[WhiteElo "2134"]
[BlackElo "2126"]
[PlyCount "69"]
[EventDate "2018.09.01"]
[EventType "team-swiss"]
[EventRounds "9"]
[EventCountry "POL"]
[SourceTitle "CBM 186 Extra"]
[Source "ChessBase"]
[SourceDate "2018.08.24"]
[SourceVersion "1"]
[SourceVersionDate "2018.08.24"]
[SourceQuality "1"]
[WhiteTeam "Podlesie UKS 21"]
[BlackTeam "Czerwionka Leszczyny Skoczek"]
[WhiteTeamCountry "POL"]
[BlackTeamCountry "POL"]

1. e4 e6 2. d4 d5 3. Nc3 Nf6 4. Bg5 dxe4 5. Nxe4 Nbd7 6. Nf3 Be7 7. Nxf6+ Bxf6 8. h4 c5 9. dxc5 Nxc5 10. Qxd8+ Bxd8 11. Bxd8 Kxd8 12. h5 h6 13. g3 Ke7 14. Bg2 Rd8 15. Rh4 Bd7 16. Ne5 Be8 17. Rc4 Nd7 18. Rc7 Kd6 19. Rxd7+ Rxd7 20. Nxd7 Bxd7 21. 0-0-0+ Kc7 22. Bxb7 Rb8 23. Bf3 Rb5 24. Rd3 f6 25. c4 Rc5 26. b3 Be8 27. g4 f5 28. Kd2 fxg4 29. Bxg4 Bxh5 30. Bxe6 Re5 31. Re3 Kd6 32. Bd5 Rf5 33. Re6+ Kc5 34. Kc3 Rxd5 35. b4# 1-0

[Event "POL-chT 2nd League"]
[Site "Jastrzebia Gora"]
[Date "2016.09.09"]
[Round "7.33"]
[White "Rawski, Slawomir"]
[Black "Adamowicz, Katarzyna"]
[Result "1-0"]
[WhiteElo "2175"]
[BlackElo "2173"]
[PlyCount "67"]
[EventDate "2016.09.03"]
[EventType "team-swiss"]
[EventRounds "9"]
[EventCountry "POL"]
[SourceTitle "EXT 2017"]
[Source "ChessBase"]
[SourceDate "2016.10.25"]
[SourceVersion "1"]
[SourceVersionDate "2016.10.25"]
[SourceQuality "1"]
[WhiteTeam "Czerwionka Leszczyny Skoczek"]
[BlackTeam "Myslenice MLKSz"]
[WhiteTeamCountry "POL"]
[BlackTeamCountry "POL"]

1. d4 d5 2. c4 c6 3. Nc3 Nf6 4. Bg5 e6 5. e3 Nbd7 6. cxd5 exd5 7. Bd3 Be7 8. Qc2 0-0 9. Nge2 Re8 10. f3 Nf8 11. Bh4 g6 12. 0-0 Ne6 13. Rad1 b6 14. h3 Bb7 15. Bf2 c5 16. Bb5 Rf8 17. e4 a6 18. exd5 Nxd5 19. Bc4 Nb4 20. Qb3 Nxd4 21. Nxd4 cxd4 22. Rxd4 Qc8 23. Rf4 Bc5 24. Bxf7+ Kg7 25. Be6 Qc6 26. Rxb4 Bxb4 27. Bd5 Qd6 28. Bxb7 Ra7 29. Ne4 Qe7 30. Bd4+ Kh6 31. Qe3+ g5 32. Rc1 Rg8 33. Bd5 Rg6 34. Bf6 1-0

[Event "POL-chT 2nd League"]
[Site "Jastrzebia Gora"]
[Date "2016.09.07"]
[Round "5.63"]
[White "Rawski, Slawomir"]
[Black "Wolynski, Krzysztof"]
[Result "1-0"]
[WhiteElo "2175"]
[BlackElo "2065"]
[PlyCount "111"]
[EventDate "2016.09.03"]
[EventType "team-swiss"]
[EventRounds "9"]
[EventCountry "POL"]
[SourceTitle "EXT 2017"]
[Source "ChessBase"]
[SourceDate "2016.10.25"]
[SourceVersion "1"]
[SourceVersionDate "2016.10.25"]
[SourceQuality "1"]
[WhiteTeam "Czerwionka Leszczyny Skoczek"]
[BlackTeam "Rybnik MKSz"]
[WhiteTeamCountry "POL"]
[BlackTeamCountry "POL"]

1. d4 Nf6 2. Bg5 e6 3. e3 c5 4. c3 Be7 5. Nd2 0-0 6. Bd3 b6 7. f4 Bb7 8. Ngf3 Nc6 9. 0-0 h6 10. Bh4 Nd5 11. Bxe7 Qxe7 12. Qe2 cxd4 13. Nxd4 Nxd4 14. exd4 f5 15. Rae1 Qh4 16. Qf2 Qxf2+ 17. Rxf2 Nf6 18. Rfe2 Nd5 19. g3 Nf6 20. a4 g5 21. fxg5 hxg5 22. Rf1 g4 23. Kf2 Kg7 24. Ke1 Rh8 25. Kd1 Rh3 26. Kc2 Rah8 27. Rff2 Nh7 28. Nc4 Ng5 29. Ne5 d6 30. Nc4 Bf3 31. Rd2 Rd8 32. b4 Rh5 33. Ne3 Nh3 34. Rf1 Kf6 35. c4 e5 36. Kc3 f4 37. gxf4 exf4 38. Ng2 Kg5 39. Ne1 Bc6 40. d5 Bd7 41. b5 Re8 42. Nc2 Kh4 43. Bg6 f3 44. Bxe8 Bxe8 45. Nd4 Re5 46. Nc6 Re3+ 47. Kd4 Ra3 48. Nxa7 Bg6 49. Nc8 Nf4 50. Nxd6 Ne2+ 51. Rxe2 fxe2 52. Re1 Rd3+ 53. Ke5 Ra3 54. Kf6 Kh3 55. a5 bxa5 56. b6 1-0

[Event "POL-chT 2nd League"]
[Site "Lazy"]
[Date "2012.09.02"]
[Round "2"]
[White "Rawski, Slawomir"]
[Black "Klekowski, Maciej"]
[Result "0-1"]
[WhiteElo "2185"]
[BlackElo "2332"]
[PlyCount "60"]
[EventDate "2012.09.01"]
[EventType "team-swiss"]
[EventRounds "9"]
[EventCountry "POL"]
[SourceTitle "EXT 2019"]
[Source "ChessBase"]
[SourceDate "2018.10.10"]
[SourceVersion "1"]
[SourceVersionDate "2018.10.10"]
[SourceQuality "1"]
[WhiteTeam "Gdynia Korsarz"]
[BlackTeam "Czestochowa UKS Hetman"]
[WhiteTeamCountry "POL"]
[BlackTeamCountry "POL"]

1. d4 d5 2. Bg5 g6 3. e3 Bg7 4. Bd3 c5 5. c3 Nd7 6. f4 h6 7. Bh4 Qb6 8. Qc1 g5 9. fxg5 hxg5 10. Bxg5 f6 11. Bf4 e5 12. Bg3 Bh6 13. dxc5 Nxc5 14. Bg6+ Kf8 15. b4 Ne7 16. bxc5 Qxc5 17. Qc2 e4 18. Bxe4 dxe4 19. Qxe4 Bxe3 20. Bd6 Qxd6 21. Qxe3 Bg4 22. Qd4 Qe6+ 23. Kf2 Kf7 24. Na3 Rad8 25. Qc4 Rd2+ 26. Kf1 Nd5 27. Re1 Qf5+ 28. Nf3 Bxf3 29. gxf3 Qxf3+ 30. Kg1 Qg2# 0-1

[Event "POL-chT 2nd League"]
[Site "Mrzezyno"]
[Date "2011.09.07"]
[Round "5"]
[White "Kolago, Marcin"]
[Black "Rawski, Slawomir"]
[Result "1-0"]
[WhiteElo "2351"]
[BlackElo "2205"]
[PlyCount "97"]
[EventDate "2011.09.03"]
[EventType "team-swiss"]
[EventRounds "9"]
[EventCountry "POL"]
[SourceTitle "EXT 2015"]
[Source "ChessBase"]
[SourceDate "2014.11.20"]
[SourceVersion "1"]
[SourceVersionDate "2014.11.20"]
[SourceQuality "1"]
[WhiteTeam "Pawlowice GKS Pniowek 74"]
[BlackTeam "Gdynia Korsarz"]
[WhiteTeamCountry "POL"]
[BlackTeamCountry "POL"]

1. e4 e6 2. d4 d5 3. Nd2 dxe4 4. Nxe4 Nf6 5. Nxf6+ Qxf6 6. Nf3 g6 7. Bd3 h5 8. Bg5 Qg7 9. Qd2 Nc6 10. 0-0-0 Bd6 11. Rhe1 0-0 12. Be4 Re8 13. Kb1 a5 14. h3 a4 15. a3 Ra6 16. Bh6 Qh8 17. Bf4 Rb6 18. Bxc6 bxc6 19. Be5 f6 20. Bxd6 cxd6 21. Qa5 Rb7 22. Qxa4 Bd7 23. Re3 Reb8 24. Rb3 Rxb3 25. cxb3 Kg7 26. g4 hxg4 27. hxg4 Rb7 28. Ka2 c5 29. Qa6 Qb8 30. dxc5 Rxb3 31. Qxd6 Rxb2+ 32. Ka1 Be8 33. Nd4 Qxd6 34. cxd6 Rxf2 35. Nxe6+ Kf7 36. Nd8+ Kf8 37. d7 Bxd7 38. Rxd7 Ke8 39. Rd4 f5 40. gxf5 gxf5 41. Ne6 Ke7 42. Nf4 Kf6 43. Nd3 Rd2 44. Kb1 Kg5 45. Kc1 Ra2 46. a4 Rh2 47. a5 f4 48. Ra4 f3 49. a6 1-0

[Event "POL-chT 2nd League"]
[Site "Mrzezyno"]
[Date "2011.09.05"]
[Round "3.50"]
[White "Rawski, Slawomir"]
[Black "Ciesla, Adam"]
[Result "1-0"]
[WhiteElo "2205"]
[BlackElo "2313"]
[PlyCount "105"]
[EventDate "2011.09.03"]
[EventType "team-swiss"]
[EventRounds "9"]
[EventCountry "POL"]
[SourceTitle "EXT 2019"]
[Source "ChessBase"]
[SourceDate "2018.10.10"]
[SourceVersion "1"]
[SourceVersionDate "2018.10.10"]
[SourceQuality "1"]
[WhiteTeam "Gdynia Korsarz"]
[BlackTeam "Czestochowa UKS Hetman"]
[WhiteTeamCountry "POL"]
[BlackTeamCountry "POL"]

1. d4 Nf6 2. Nf3 g6 3. c4 Bg7 4. Nc3 0-0 5. e4 d6 6. Be2 Na6 7. Bg5 h6 8. Bh4 Nh5 9. 0-0 Nf4 10. Nd5 Nxd5 11. cxd5 f5 12. Re1 fxe4 13. Bxa6 bxa6 14. Rxe4 g5 15. Bg3 Rb8 16. h4 Bf6 17. hxg5 hxg5 18. Qd2 Bf5 19. Ree1 Rb5 20. Nxg5 Rxd5 21. Ne4 Bg7 22. Nc3 Rxd4 23. Qe2 e6 24. Qxa6 Qg5 25. Qxa7 Be5 26. Rxe5 dxe5 27. Qxc7 e4 28. Qe5 Rfd8 29. Re1 Qg4 30. Qf6 e3 31. Rxe3 Rd1+ 32. Nxd1 Rxd1+ 33. Kh2 Rd7 34. Bh4 Rf7 35. Rg3 Rxf6 36. Rxg4+ Bxg4 37. Bxf6 Kf7 38. Bd4 Ke7 39. Kg3 Bf5 40. Kf4 Kd6 41. g4 Bc2 42. Kg5 e5 43. Be3 Ke6 44. Kh6 Kf7 45. g5 Bg6 46. a4 Bc2 47. a5 Bd3 48. Bd2 Ke6 49. Bc3 e4 50. g6 Ke7 51. g7 Kf7 52. a6 e3 53. fxe3 1-0

[Event "POL-chT 2nd League"]
[Site "Mrzezyno"]
[Date "2011.09.03"]
[Round "1"]
[White "Rawski, Slawomir"]
[Black "Kulczyk, Pawel"]
[Result "0-1"]
[WhiteElo "2205"]
[BlackElo "2082"]
[PlyCount "54"]
[EventDate "2011.09.03"]
[EventType "team-swiss"]
[EventRounds "9"]
[EventCountry "POL"]
[SourceTitle "EXT 2015"]
[Source "ChessBase"]
[SourceDate "2014.11.20"]
[SourceVersion "1"]
[SourceVersionDate "2014.11.20"]
[SourceQuality "1"]
[WhiteTeam "Gdynia Korsarz"]
[BlackTeam "Bydgoszcz Hetman"]
[WhiteTeamCountry "POL"]
[BlackTeamCountry "POL"]

1. d4 d5 2. Bg5 g6 3. e3 Bg7 4. Bd3 c5 5. c3 cxd4 6. exd4 Nf6 7. Nd2 0-0 8. Ngf3 Bg4 9. h3 Bxf3 10. Qxf3 Nc6 11. Qe3 e5 12. dxe5 Nxe5 13. 0-0 Re8 14. Rfe1 h6 15. Bxf6 Qxf6 16. Bb5 Re6 17. Qc5 Qg5 18. Re3 a6 19. Ba4 b6 20. Qb4 Bf8 21. Qb3 b5 22. Bxb5 axb5 23. Qxb5 d4 24. Qb7 dxe3 25. Ne4 exf2+ 26. Kf1 Qd8 27. Nxf2 Rb8 0-1

[Event "POL-chT 2st League"]
[Site "Mrzezyno"]
[Date "2010.09.05"]
[Round "2.58"]
[White "Rawski, Slawomir"]
[Black "Walaszczyk, Witold"]
[Result "0-1"]
[WhiteElo "2229"]
[BlackElo "2251"]
[PlyCount "82"]
[EventDate "2010.09.04"]
[EventType "team-swiss"]
[EventRounds "9"]
[EventCountry "POL"]
[SourceTitle "EXT 2019"]
[Source "ChessBase"]
[SourceDate "2018.10.10"]
[SourceVersion "1"]
[SourceVersionDate "2018.10.10"]
[SourceQuality "1"]
[WhiteTeam "Gdynia Korsarz"]
[BlackTeam "Konin Hetman"]
[WhiteTeamCountry "POL"]
[BlackTeamCountry "POL"]

1. d4 d5 2. Bg5 c6 3. c3 Bf5 4. Nd2 Nd7 5. Ngf3 h6 6. Bh4 Ngf6 7. e3 e6 8. Be2 Bd6 9. Bg3 Bxg3 10. hxg3 Qc7 11. Nh4 Bh7 12. 0-0 g5 13. Nhf3 0-0-0 14. c4 e5 15. b4 exd4 16. Nxd4 Ne5 17. Qb3 h5 18. Rac1 Ne4 19. Nxe4 Bxe4 20. cxd5 Bxd5 21. Qc2 Kb8 22. Rfd1 h4 23. e4 Be6 24. Nxe6 fxe6 25. Rxd8+ Qxd8 26. gxh4 Rxh4 27. g3 Rh7 28. Qc3 Qf6 29. Kg2 Qh8 30. Rg1 Rh2+ 31. Kf1 Rxf2+ 32. Kxf2 Ng4+ 33. Bxg4 Qxc3 34. Re1 Qd4+ 35. Re3 e5 36. a3 Kc7 37. Be6 b5 38. Kf3 Qd1+ 39. Kg2 Kb6 40. Rb3 Qd2+ 41. Kf3 Qd6 0-1

[Event "POL-chT 1st League"]
[Site "Ustron"]
[Date "2009.09.19"]
[Round "8"]
[White "Rawski, Slawomir"]
[Black "Protaziuk, Grzegorz"]
[Result "1/2-1/2"]
[WhiteElo "2213"]
[BlackElo "2350"]
[PlyCount "137"]
[EventDate "2009.09.12"]
[EventType "team-swiss"]
[EventRounds "9"]
[EventCountry "POL"]
[SourceTitle "CBM 132 Extra"]
[Source "ChessBase"]
[SourceDate "2009.11.03"]
[SourceVersion "1"]
[SourceVersionDate "2009.11.03"]
[SourceQuality "1"]
[WhiteTeam "Gdynia Korsarz"]
[BlackTeam "Miedzyborow Wrzos"]
[WhiteTeamCountry "POL"]
[BlackTeamCountry "POL"]

1. d4 c5 2. d5 Nf6 3. Nc3 e5 4. f4 exf4 5. Bxf4 d6 6. e4 a6 7. a4 Be7 8. h3 0-0 9. g4 Re8 10. Qf3 Nfd7 11. Bd3 Bh4+ 12. Kf1 Ne5 13. Qe3 Nbd7 14. Kg2 Bf6 15. g5 Nxd3 16. cxd3 Be5 17. Nf3 Qb6 18. Bxe5 Nxe5 19. Qd2 Bd7 20. Rhf1 Qd8 21. Nxe5 Rxe5 22. h4 Qe7 23. Rf4 f6 24. gxf6 gxf6 25. Rg1 Kh8 26. Qf2 Rg8+ 27. Kf3 h5 28. Rxg8+ Kxg8 29. Ke3 f5 30. Qg3+ Qg7 31. Qxg7+ Kxg7 32. a5 Re8 33. Kd2 Kf6 34. exf5 Rg8 35. Nd1 Rg2+ 36. Kc3 Rg3 37. Nf2 Ke5 38. f6 Rg8 39. f7 Rf8 40. Rf3 Bg4 41. Nxg4+ hxg4 42. Rf1 Kxd5 43. h5 Ke6 44. Rg1 Kf5 45. Rf1+ Ke6 46. Rf4 Rxf7 47. Rxg4 Kf5 48. Rg2 Rh7 49. Rh2 Rh6 50. Kc4 Kf4 51. Rh1 Ke3 52. Rh3+ Kf4 53. Kd5 Kg4 54. Rh2 Kg3 55. Re2 Kf4 56. Re7 Kf3 57. Rxb7 Ke3 58. Rb6 Kxd3 59. Rxa6 Rxh5+ 60. Kc6 c4 61. Ra8 d5 62. Rd8 d4 63. a6 Ra5 64. Kb6 Ra2 65. a7 Rxb2+ 66. Kc5 Ra2 67. Rxd4+ Ke3 68. Kxc4 Rxa7 69. Rd8 1/2-1/2

[Event "POL-chT 1st League"]
[Site "Ustron"]
[Date "2009.09.15"]
[Round "4"]
[White "Rawski, Slawomir"]
[Black "Czarnota, Pawel"]
[Result "0-1"]
[WhiteElo "2213"]
[BlackElo "2537"]
[PlyCount "130"]
[EventDate "2009.09.12"]
[EventType "team-swiss"]
[EventRounds "9"]
[EventCountry "POL"]
[SourceTitle "CBM 132 Extra"]
[Source "ChessBase"]
[SourceDate "2009.11.03"]
[SourceVersion "1"]
[SourceVersionDate "2009.11.03"]
[SourceQuality "1"]
[WhiteTeam "Gdynia Korsarz"]
[BlackTeam "Grudziadz Rotmistrz"]
[WhiteTeamCountry "POL"]
[BlackTeamCountry "POL"]

1. d4 Nf6 2. Nf3 g6 3. c4 Bg7 4. Nc3 0-0 5. e4 d6 6. Be2 Na6 7. 0-0 e5 8. Bg5 h6 9. Bh4 Qe8 10. dxe5 dxe5 11. Nd2 c6 12. a3 Qe7 13. b4 Rd8 14. Qc2 Nc7 15. Nb3 g5 16. Bg3 h5 17. f3 h4 18. Bf2 Ne6 19. Rfd1 Re8 20. Qd2 Nh5 21. Be3 Nhf4 22. Bf1 Qf6 23. Qf2 Qg6 24. Ra2 g4 25. Kh1 g3 26. Qe1 Bf6 27. Ne2 Nh5 28. Rad2 gxh2 29. Nc5 Nxc5 30. Bxc5 Be6 31. Rc2 Kh7 32. Bf2 Qg5 33. Kxh2 Rg8 34. Qd2 Rad8 35. Qxg5 Bxg5 36. Rxd8 Rxd8 37. Nc3 Bf4+ 38. Kg1 Ng3 39. a4 Nxf1 40. Kxf1 Bxc4+ 41. Ke1 Bg3 42. Bxg3 hxg3 43. Rd2 Rd4 44. a5 Kg6 45. Nd1 Bb5 46. Ne3 Rxb4 47. Rd6+ Kg5 48. Ng4 Rb1+ 49. Kd2 Rb2+ 50. Kc3 Rxg2 51. Nxe5 Kf4 52. Nxf7 Rg1 53. Rg6 g2 54. Kb2 Bd3 55. Ng5 Ke3 56. Nh3 Rh1 57. Rxg2 Rxh3 58. Rg7 Ba6 59. e5 Rxf3 60. e6 Rf8 61. Kc3 Ke4 62. Kb4 Kd5 63. Rf7 c5+ 64. Ka4 Re8 65. e7 Ke6 0-1

[Event "POL-chT 1st League"]
[Site "Ustron"]
[Date "2009.09.13"]
[Round "2"]
[White "Rawski, Slawomir"]
[Black "Dudzinski, Piotr"]
[Result "1-0"]
[WhiteElo "2213"]
[BlackElo "2326"]
[PlyCount "85"]
[EventDate "2009.09.12"]
[EventType "team-swiss"]
[EventRounds "9"]
[EventCountry "POL"]
[SourceTitle "CBM 132 Extra"]
[Source "ChessBase"]
[SourceDate "2009.11.03"]
[SourceVersion "1"]
[SourceVersionDate "2009.11.03"]
[SourceQuality "1"]
[WhiteTeam "Gdynia Korsarz"]
[BlackTeam "Ostrow Wielkopolski"]
[WhiteTeamCountry "POL"]
[BlackTeamCountry "POL"]

1. d4 d5 2. c4 c6 3. Nf3 e6 4. Qc2 Nf6 5. Bg5 h6 6. Bh4 Bb4+ 7. Nbd2 0-0 8. a3 Be7 9. e3 Nbd7 10. Bd3 b6 11. b4 a5 12. cxd5 cxd5 13. b5 Bb7 14. 0-0 Rc8 15. Qb2 Ne4 16. Bxe7 Qxe7 17. Rac1 f5 18. Rxc8 Rxc8 19. Rc1 Qf8 20. Rxc8 Qxc8 21. Qc2 Kf7 22. Qxc8 Bxc8 23. Bxe4 fxe4 24. Ne1 e5 25. Nb1 exd4 26. exd4 Ke6 27. Nc3 Nf6 28. Nc2 Ne8 29. Kf1 Nc7 30. a4 Ne8 31. Ne3 Bb7 32. Ne2 Nc7 33. h4 Bc8 34. Nf4+ Kd6 35. h5 Bd7 36. Kg1 Bc8 37. Kh2 Bd7 38. Kg3 Bc8 39. Kh4 Bd7 40. g4 Nxb5 41. axb5 Bxb5 42. Nfxd5 a4 43. Nxb6 1-0

[Event "POL-chT 2nd League"]
[Site "Ustron"]
[Date "2008.09.11"]
[Round "5.32"]
[White "Kuziola, Mateusz"]
[Black "Rawski, Slawomir"]
[Result "1-0"]
[WhiteElo "2309"]
[BlackElo "2210"]
[PlyCount "92"]
[EventDate "2008.09.06"]
[EventType "team-swiss"]
[EventRounds "9"]
[EventCountry "POL"]
[SourceTitle "EXT 2015"]
[Source "ChessBase"]
[SourceDate "2014.11.20"]
[SourceVersion "1"]
[SourceVersionDate "2014.11.20"]
[SourceQuality "1"]
[WhiteTeam "Pawlowice GKS Pniowek 74"]
[BlackTeam "Gdynia Korsarz"]
[WhiteTeamCountry "POL"]
[BlackTeamCountry "POL"]

1. e4 e6 2. d3 d5 3. Nd2 Nf6 4. Qe2 b6 5. e5 Nfd7 6. g3 Nc6 7. Ngf3 g5 8. h3 Ba6 9. Nb3 h6 10. Nbd4 Nxd4 11. Nxd4 Bg7 12. f4 c5 13. Nf3 Qc7 14. Bg2 0-0-0 15. 0-0 gxf4 16. Bxf4 Nf8 17. Nh4 Rg8 18. Qh5 Bb5 19. c4 dxc4 20. dxc4 Bxc4 21. Rfd1 Ng6 22. Nxg6 fxg6 23. Qxg6 Bxe5 24. Qe4 Bxf4 25. Qxc4 Be3+ 26. Kh1 Bd4 27. Qxe6+ Kb8 28. Qe4 Kc8 29. Qe6+ Kb8 30. Qe4 Kc8 31. Rd3 Rge8 32. Qg4+ Rd7 33. Rad1 Kd8 34. b4 Qd6 35. bxc5 bxc5 36. Qf3 Re5 37. Rf1 c4 38. Qa8+ Ke7 39. Qb7 Kd8 40. Qa8+ Kc7 41. Rxd4 Qxd4 42. Qc6+ Kd8 43. Rf8+ Re8 44. Qa8+ Kc7 45. Rxe8 Qb6 46. Rc8+ Kd6 1-0

[Event "POL-chT 2nd League"]
[Site "Ustron"]
[Date "2008.09.10"]
[Round "4.56"]
[White "Rawski, Slawomir"]
[Black "Michniewski, Tomasz"]
[Result "1/2-1/2"]
[WhiteElo "2210"]
[BlackElo "2227"]
[PlyCount "142"]
[EventDate "2008.09.06"]
[EventType "team-swiss"]
[EventRounds "9"]
[EventCountry "POL"]
[SourceTitle "EXT 2015"]
[Source "ChessBase"]
[SourceDate "2014.11.20"]
[SourceVersion "1"]
[SourceVersionDate "2014.11.20"]
[SourceQuality "1"]
[WhiteTeam "Gdynia Korsarz"]
[BlackTeam "Milanowek UKS Jedwabnik"]
[WhiteTeamCountry "POL"]
[BlackTeamCountry "POL"]

1. d4 d5 2. Bg5 c6 3. e3 Qb6 4. b3 h6 5. Bh4 Bf5 6. Nf3 Nd7 7. Bd3 Bxd3 8. cxd3 e6 9. 0-0 Ngf6 10. Nc3 Qa5 11. Qd2 Be7 12. a3 0-0 13. Ne5 Nxe5 14. dxe5 Ne4 15. Nxe4 Qxd2 16. Nxd2 Bxh4 17. b4 a5 18. Rfb1 axb4 19. Rxb4 Be7 20. Rxb7 Rxa3 21. Rxa3 Bxa3 22. Nb1 Ra8 23. Rb3 Be7 24. g3 c5 25. Kg2 Rc8 26. Nd2 f6 27. f4 fxe5 28. fxe5 Bd8 29. Rc3 Kf7 30. Nb3 Bb6 31. Kf3 Ke7 32. Rc2 Kd7 33. Nd2 Kc6 34. e4 Rf8+ 35. Ke2 dxe4 36. Nxe4 Kd5 37. Rb2 Rb8 38. Rb5 Kc6 39. Rb2 Kd5 40. Rb5 Ba7 41. Ra5 Rb2+ 42. Kd1 Bb6 43. Ra6 c4 44. Nc3+ Kxe5 45. dxc4 Rb4 46. Na2 Rb2 47. Nc3 Bd4 48. Ra5+ Kf6 49. Ne4+ Kg6 50. c5 Kf7 51. Ra4 e5 52. c6 Bb6 53. Nd6+ Ke6 54. Kc1 Rxh2 55. Nc4 Bc7 56. Ra7 Kd5 57. Rxc7 Kxc4 58. Rxg7 Kc3 59. Kb1 Rh1+ 60. Ka2 Rc1 61. Rg6 h5 62. Rh6 e4 63. Rxh5 Kd4 64. Rh6 e3 65. Re6 Kd3 66. Kb2 Rc5 67. Rd6+ Ke4 68. Kb3 e2 69. Re6+ Kf3 70. Rf6+ Ke4 71. Re6+ Kf3 1/2-1/2

[Event "POL-chT 2nd League"]
[Site "Ustron"]
[Date "2008.09.06"]
[Round "1.50"]
[White "Urbanski, Grzegorz"]
[Black "Rawski, Slawomir"]
[Result "1/2-1/2"]
[WhiteElo "2158"]
[BlackElo "2210"]
[PlyCount "102"]
[EventDate "2008.09.06"]
[EventType "team-swiss"]
[EventRounds "9"]
[EventCountry "POL"]
[SourceTitle "EXT 2015"]
[Source "ChessBase"]
[SourceDate "2014.11.20"]
[SourceVersion "1"]
[SourceVersionDate "2014.11.20"]
[SourceQuality "1"]
[WhiteTeam "Mikolow AKS"]
[BlackTeam "Gdynia Korsarz"]
[WhiteTeamCountry "POL"]
[BlackTeamCountry "POL"]

1. e4 e6 2. d4 d5 3. Nd2 Nf6 4. Bd3 c5 5. e5 Nfd7 6. c3 Nc6 7. Ne2 Qb6 8. Nf3 cxd4 9. cxd4 f6 10. exf6 Nxf6 11. 0-0 Bd6 12. Bf4 Bxf4 13. Nxf4 0-0 14. Qd2 Ne4 15. Qe3 Qc7 16. g3 g5 17. Ne2 h6 18. Bxe4 dxe4 19. Qxe4 Qf7 20. Nd2 e5 21. dxe5 Bf5 22. e6 Bxe6 23. f4 Bd5 24. Qe3 Rae8 25. Qf2 Qh5 26. Rae1 Ne5 27. Qd4 Bc6 28. fxe5 Rxf1+ 29. Rxf1 Qxe2 30. Qc4+ Qxc4 31. Nxc4 Bd5 32. b3 Bxc4 33. bxc4 Rxe5 34. Rb1 b6 35. Rd1 Kf7 36. Rd7+ Re7 37. Rxe7+ Kxe7 38. Kf2 Ke6 39. Kf3 Kf5 40. g4+ Ke5 41. Ke3 a6 42. a3 b5 43. cxb5 axb5 44. h3 Kd5 45. Kd3 Kc5 46. Kc3 Kb6 47. Kb4 Kc6 48. Kb3 Kc5 49. Kc3 Kc6 50. Kd4 Kd6 51. Ke4 Ke6 1/2-1/2

[Event "Gdansk op"]
[Site "Gdansk"]
[Date "2008.07.20"]
[Round "2"]
[White "Kumala, Aleksander"]
[Black "Rawski, Slawomir"]
[Result "0-1"]
[WhiteElo "1854"]
[BlackElo "2210"]
[PlyCount "78"]
[EventDate "2008.07.19"]
[EventType "swiss"]
[EventRounds "9"]
[EventCountry "POL"]
[SourceTitle "EXT 2009"]
[Source "ChessBase"]
[SourceDate "2008.11.26"]
[SourceVersion "1"]
[SourceVersionDate "2008.11.26"]
[SourceQuality "1"]

1. e4 e6 2. d4 d5 3. Nc3 Nf6 4. Bg5 dxe4 5. Nxe4 Be7 6. Bxf6 gxf6 7. g4 Bd7 8. Bg2 Bc6 9. c4 Rg8 10. d5 exd5 11. cxd5 Bb5 12. Qb3 Qd7 13. Rd1 Kf8 14. d6 cxd6 15. Nc5 Qe8 16. Bxb7 dxc5 17. Bxa8 Ba4 18. Qe3 Bxd1 19. Qh6+ Rg7 20. Kxd1 Qa4+ 21. Kc1 Qc4+ 22. Kb1 Qd3+ 23. Kc1 f5 24. h4 Qf1+ 25. Kd2 Qxf2+ 26. Ne2 fxg4 27. Be4 Qf6 28. Qxf6 Bxf6 29. Ng3 Bxb2 30. Rb1 Be5 31. Nf5 Rg6 32. Ke2 Ra6 33. Bd5 Rb6 34. Rd1 Bd4 35. Nxd4 cxd4 36. Rxd4 Rd6 37. Rb4 Rxd5 38. Rxb8+ Kg7 39. Rb4 h5 0-1

[Event "POL-chT 2nd League"]
[Site "Wysowa"]
[Date "2007.09.08"]
[Round "5"]
[White "Kanarek, Marcel"]
[Black "Rawski, Slawomir"]
[Result "1-0"]
[WhiteElo "2226"]
[BlackElo "2203"]
[PlyCount "75"]
[EventDate "2007.09.03"]
[EventType "team-swiss"]
[EventRounds "9"]
[EventCountry "POL"]
[SourceTitle "EXT 2010"]
[Source "ChessBase"]
[SourceDate "2010.11.25"]
[SourceVersion "1"]
[SourceVersionDate "2010.11.25"]
[SourceQuality "1"]
[WhiteTeam "Koszalin Hetman Politechnika"]
[BlackTeam "Gdynia Korsarz"]
[WhiteTeamCountry "POL"]
[BlackTeamCountry "POL"]

1. e4 c5 2. Nf3 d6 3. d4 cxd4 4. Nxd4 Nf6 5. Nc3 Nc6 6. Bg5 Bd7 7. Qd2 Rc8 8. f3 Nxd4 9. Qxd4 Qa5 10. Be3 a6 11. 0-0-0 g6 12. Kb1 Bg7 13. Qd2 Be6 14. a3 b5 15. Bd4 Qc7 16. g4 0-0 17. h4 Rb8 18. g5 Nh5 19. Bxg7 Nxg7 20. f4 Bg4 21. Nd5 Qb7 22. Be2 Bxe2 23. Qxe2 Nh5 24. Qe3 Rbc8 25. f5 Rc4 26. b3 Rc5 27. f6 exf6 28. gxf6 Kh8 29. Rhg1 Qc8 30. Qh6 Re8 31. Rg5 Rg8 32. Ne7 Qb8 33. Rxc5 dxc5 34. Nxg8 Kxg8 35. e5 c4 36. Rd7 cxb3 37. Qd2 bxc2+ 38. Kc1 1-0